Readings in co-operative housing (Record no. 436551)

000 -LEADER
fixed length control field 00454cam a22001337a 4500
008 - FIXED-LENGTH DATA ELEMENTS--GENERAL INFORMATION
fixed length control field 180718b1973 xxu||||| |||| 00| 0 eng d
082 ## - DEWEY DECIMAL CLASSIFICATION NUMBER
Classification number XA418 In8
245 ## - TITLE STATEMENT
Title Readings in co-operative housing
Statement of responsibility, etc. by International Co-operative Alliance
260 ## - PUBLICATION, DISTRIBUTION, ETC.
Place of publication, distribution, etc. Bombay
Name of publisher, distributor, etc. Allied Publishers
Date of publication, distribution, etc. 1973
300 ## - PHYSICAL DESCRIPTION
Extent vi, 161p.
650 ## - SUBJECT ADDED ENTRY--TOPICAL TERM
Topical term or geographic name entry element Housing, Cooperative --Southeast Asia
650 ## - SUBJECT ADDED ENTRY--TOPICAL TERM
Topical term or geographic name entry element Housing, Cooperative --Congresses
700 ## - ADDED ENTRY--PERSONAL NAME
Personal name International Co-operative Alliance
Holdings
Withdrawn status Lost status Damaged status Not for loan Permanent Location Current Location Date acquired Full call number Barcode Date last seen Price effective from Koha item type
        Indian Institute of Public Administration Indian Institute of Public Administration 2010-03-09 XA418 In8 48482 2018-07-21 2018-07-21 Book

Powered by Koha